000 00801nmc a2200301 a 4500
003 AR-BaBNM
005 20251128211629.0
008 145020s2000 ||||||||||||||000 | spa||
020 _a84-7635-432-0
040 _cAR-BaBNM
100 1 _aFerrari, Mario
245 1 0 _aEl escritor que resuelve misterios
260 _aMadrid
_bArco/Libros
_c2000
300 0 _a57 p.
490 0 _aEspañol/LE. Lecturas graduadas
504 _aContiene referencias bibliográficas
650 4 _aLITERATURA ARGENTINA
650 4 _aSEMANTICA
650 4 _aDIDACTICA
650 4 _aGRAMATICA
650 4 _aSINTAXIS
650 4 _aACTIVIDADES DE APRENDIZAJE
653 _aANALISIS DEL DISCURSO
700 1 _aLacorte, Marta
_ecolaborador
800 1 _aMoreno, Francisco
942 _cBK
998 _cmartin
999 _c20504
_d20504